<?xml version="1.0" encoding="UTF-8"?>
<record
    xmlns:xsi="http://www.w3.org/2001/XMLSchema-instance"
    xsi:schemaLocation="http://www.loc.gov/MARC21/slim http://www.loc.gov/standards/marcxml/schema/MARC21slim.xsd"
    xmlns="http://www.loc.gov/MARC21/slim">

  <leader>02195nam a2200409 i 4500</leader>
  <controlfield tag="001">000017501</controlfield>
  <controlfield tag="003">DO-SdBNP</controlfield>
  <controlfield tag="005">20250925142702.0</controlfield>
  <controlfield tag="007">ta</controlfield>
  <controlfield tag="008">100326s1998    dr            000 0 spa d</controlfield>
  <datafield tag="040" ind1=" " ind2=" ">
    <subfield code="a">DO-SdBNP</subfield>
    <subfield code="b">spa</subfield>
    <subfield code="c">BNPHU</subfield>
    <subfield code="e">rda</subfield>
  </datafield>
  <datafield tag="041" ind1=" " ind2=" ">
    <subfield code="a">spa</subfield>
  </datafield>
  <datafield tag="082" ind1=" " ind2="4">
    <subfield code="a">378.8254</subfield>
    <subfield code="b">T926o 1998</subfield>
    <subfield code="2">22</subfield>
  </datafield>
  <datafield tag="100" ind1="1" ind2=" ">
    <subfield code="a">T&#xFC;nnermann Bernheim, Carlos</subfield>
    <subfield code="e">autor</subfield>
    <subfield code="4">aut.</subfield>
    <subfield code="9">17536</subfield>
  </datafield>
  <datafield tag="245" ind1="1" ind2="0">
    <subfield code="a">Ochenta a&#xF1;os de la reforma universitaria de C&#xF3;rdoba /</subfield>
    <subfield code="c">Carlos T&#xFC;nnermann Bernheim ; pr&#xF3;logo Luis Manuel Pe&#xF1;alver.</subfield>
  </datafield>
  <datafield tag="246" ind1="1" ind2="0">
    <subfield code="a">80 a&#xF1;os de la reforma universitaria de C&#xF3;rdoba.</subfield>
  </datafield>
  <datafield tag="250" ind1=" " ind2=" ">
    <subfield code="a">Cuarta edici&#xF3;n</subfield>
  </datafield>
  <datafield tag="264" ind1=" " ind2="4">
    <subfield code="a">Santo Domingo, Rep&#xFA;blica Dominicana :  </subfield>
    <subfield code="b">Editora Universitaria,</subfield>
    <subfield code="c">&#xA9;1998.</subfield>
  </datafield>
  <datafield tag="300" ind1=" " ind2=" ">
    <subfield code="a">122 p&#xE1;ginas ;</subfield>
    <subfield code="c">20 cm.</subfield>
  </datafield>
  <datafield tag="336" ind1=" " ind2=" ">
    <subfield code="a">texto</subfield>
    <subfield code="b">txt</subfield>
    <subfield code="2">rdacontent</subfield>
  </datafield>
  <datafield tag="337" ind1=" " ind2=" ">
    <subfield code="a">sin mediaci&#xF3;n</subfield>
    <subfield code="b">n</subfield>
    <subfield code="2">rdamedia</subfield>
  </datafield>
  <datafield tag="338" ind1=" " ind2=" ">
    <subfield code="a">volumen</subfield>
    <subfield code="b">nc</subfield>
    <subfield code="2">rdacarrier</subfield>
  </datafield>
  <datafield tag="490" ind1="1" ind2=" ">
    <subfield code="a">Colecci&#xF3;n Educaci&#xF3;n y sociedad ;</subfield>
    <subfield code="v">39 ;</subfield>
  </datafield>
  <datafield tag="490" ind1="1" ind2=" ">
    <subfield code="a">Publicaciones Universidad Aut&#xF3;noma de Santo Domingo ;</subfield>
    <subfield code="v">856 </subfield>
  </datafield>
  <datafield tag="505" ind1="0" ind2=" ">
    <subfield code="g">Pr&#xF3;logo /</subfield>
    <subfield code="r">Luis Manuel Pe&#xF1;alver --</subfield>
    <subfield code="t">Ra&#xED;ces sociales e ideol&#xF3;gicas de la Reforma --</subfield>
    <subfield code="t">Situaci&#xF3;n de las universidades latinoamericanas al producirse el Movimiento de C&#xF3;rdoba --</subfield>
    <subfield code="t">"En una oscura universidad mediterr&#xE1;nea" --</subfield>
    <subfield code="t">Proyecci&#xF3;n latinoamericana del movimiento --</subfield>
    <subfield code="t">El programa de la Reforma --</subfield>
    <subfield code="t">Balance la reforma a 65 a&#xF1;os del Grito de C&#xF3;rdoba --</subfield>
    <subfield code="t">Ap&#xE9;ndice: "La Juventud argentina de C&#xF3;rdoba a los hombres libres de Sudam&#xE9;rica" (Manifiesto del 21 de junio de 1918) --</subfield>
    <subfield code="g">Notas.</subfield>
  </datafield>
  <datafield tag="533" ind1=" " ind2=" ">
    <subfield code="a">Facs&#xED;mil:</subfield>
    <subfield code="b">Venezuela :</subfield>
    <subfield code="c">Universitaria Centro Am&#xE9;rica,</subfield>
    <subfield code="d">[s.a]</subfield>
    <subfield code="n">3&#xAA; ed. venezolana a cargo del Fondo Editorial para el Desarrollo de la Educaci&#xF3;n Superior</subfield>
  </datafield>
  <datafield tag="590" ind1=" " ind2=" ">
    <subfield code="a">Inventariado, 2018/ YL</subfield>
  </datafield>
  <datafield tag="650" ind1=" " ind2="4">
    <subfield code="a">Reforma universitaria</subfield>
    <subfield code="z">Argentina</subfield>
    <subfield code="9">38223</subfield>
  </datafield>
  <datafield tag="650" ind1=" " ind2="4">
    <subfield code="a">Conflictos universitarios</subfield>
    <subfield code="9">38224</subfield>
  </datafield>
  <datafield tag="650" ind1=" " ind2="4">
    <subfield code="a">Universidades</subfield>
    <subfield code="x">Historia</subfield>
    <subfield code="z">Argentina</subfield>
    <subfield code="9">38225</subfield>
  </datafield>
  <datafield tag="700" ind1="1" ind2=" ">
    <subfield code="a">Pe&#xF1;alver, Luis Manuel,</subfield>
    <subfield code="e">prologuista</subfield>
    <subfield code="9">38226</subfield>
    <subfield code="4">pr.</subfield>
  </datafield>
  <datafield tag="710" ind1="1" ind2=" ">
    <subfield code="a">Universidad Aut&#xF3;noma de Santo Domingo</subfield>
    <subfield code="9">72951</subfield>
  </datafield>
  <datafield tag="830" ind1=" " ind2="0">
    <subfield code="a">Educaci&#xF3;n y Sociedad</subfield>
    <subfield code="n">39</subfield>
    <subfield code="9">38227</subfield>
  </datafield>
  <datafield tag="830" ind1=" " ind2="0">
    <subfield code="a">Publicaciones Universidad Aut&#xF3;noma de Santo Domingo</subfield>
    <subfield code="n">856</subfield>
    <subfield code="9">38228</subfield>
  </datafield>
  <datafield tag="910" ind1=" " ind2=" ">
    <subfield code="a">Validado. Control de calidad EMS</subfield>
  </datafield>
  <datafield tag="942" ind1=" " ind2=" ">
    <subfield code="2">ddc</subfield>
    <subfield code="c">LBS1</subfield>
  </datafield>
  <datafield tag="952" ind1=" " ind2=" ">
    <subfield code="0">0</subfield>
    <subfield code="1">0</subfield>
    <subfield code="2">ddc</subfield>
    <subfield code="5">1</subfield>
    <subfield code="7">0</subfield>
    <subfield code="8">PD</subfield>
    <subfield code="a">BNPHU</subfield>
    <subfield code="b">BNPHU</subfield>
    <subfield code="c">HD</subfield>
    <subfield code="d">2010-03-26</subfield>
    <subfield code="l">0</subfield>
    <subfield code="o">BNPHU PD 378.8254 T926o 1998</subfield>
    <subfield code="p">17501-10</subfield>
    <subfield code="r">2020-06-25</subfield>
    <subfield code="w">2020-06-25</subfield>
    <subfield code="y">LBS1</subfield>
    <subfield code="Z">No se presta</subfield>
  </datafield>
  <datafield tag="952" ind1=" " ind2=" ">
    <subfield code="0">0</subfield>
    <subfield code="1">0</subfield>
    <subfield code="2">ddc</subfield>
    <subfield code="5">1</subfield>
    <subfield code="7">0</subfield>
    <subfield code="8">PD</subfield>
    <subfield code="a">BNPHU</subfield>
    <subfield code="b">BNPHU</subfield>
    <subfield code="c">HD</subfield>
    <subfield code="d">2010-03-26</subfield>
    <subfield code="l">0</subfield>
    <subfield code="o">BNPHU PD 378.8254 T926o 1998</subfield>
    <subfield code="p">17501-20</subfield>
    <subfield code="r">2020-06-25</subfield>
    <subfield code="t">e.2</subfield>
    <subfield code="w">2020-06-25</subfield>
    <subfield code="y">LBS1</subfield>
    <subfield code="Z">No se presta</subfield>
  </datafield>
  <datafield tag="952" ind1=" " ind2=" ">
    <subfield code="0">0</subfield>
    <subfield code="1">0</subfield>
    <subfield code="2">ddc</subfield>
    <subfield code="5">6</subfield>
    <subfield code="7">0</subfield>
    <subfield code="8">DS</subfield>
    <subfield code="a">BNPHU</subfield>
    <subfield code="b">BNPHU</subfield>
    <subfield code="c">HD</subfield>
    <subfield code="d">2017-12-07</subfield>
    <subfield code="e">Donado por Ilonka Nacidit Perdomo</subfield>
    <subfield code="l">0</subfield>
    <subfield code="o">BNPHU DS 378.8254 T926o 1998</subfield>
    <subfield code="p">2025-10836</subfield>
    <subfield code="r">2025-09-25</subfield>
    <subfield code="t">e.3</subfield>
    <subfield code="w">2025-09-25</subfield>
    <subfield code="y">LBS1</subfield>
    <subfield code="z">Perteneci&#xF3; a la biblioteca personal de Ilonka Nacidit Perdomo</subfield>
  </datafield>
  <datafield tag="952" ind1=" " ind2=" ">
    <subfield code="0">0</subfield>
    <subfield code="1">0</subfield>
    <subfield code="2">ddc</subfield>
    <subfield code="5">6</subfield>
    <subfield code="7">0</subfield>
    <subfield code="8">DS</subfield>
    <subfield code="a">BNPHU</subfield>
    <subfield code="b">BNPHU</subfield>
    <subfield code="c">HD</subfield>
    <subfield code="d">2017-12-07</subfield>
    <subfield code="e">Donado por Ilonka Nacidit Perdomo</subfield>
    <subfield code="l">0</subfield>
    <subfield code="o">BNPHU DS 378.8254 T926o 1998</subfield>
    <subfield code="p">2025-10837</subfield>
    <subfield code="r">2025-09-25</subfield>
    <subfield code="t">e.4</subfield>
    <subfield code="w">2025-09-25</subfield>
    <subfield code="y">LBS1</subfield>
    <subfield code="z">Perteneci&#xF3; a la biblioteca personal de Ilonka Nacidit Perdomo</subfield>
  </datafield>
  <datafield tag="999" ind1=" " ind2=" ">
    <subfield code="c">17026</subfield>
    <subfield code="d">17026</subfield>
  </datafield>
</record>
